000 00328nam a22001457a 4500
008 210531b ||||| |||| 00| 0 eng d
020 _a0060413026
041 _aeng
080 _23rd
_a336
082 _a336
100 _a56
101 _aFIN
245 _aFinance Environment and Decisions
_cChristy,G.A
942 _2udc
_cBK
999 _c57825
_d57825